1385 1192 1610 1557 1632 1265 1614 1818 1606 1515 1024 1716 1027 1860 1066 1326 1622 1449 1305 1552 1882 1613 1646 1106 1846 1030 1736 1648 1699 1043 1023 1216 1888 1877 1672 1130 1245 1047 1174 1142 1776 1890 1920 1274 1044 1384 1687 1713 1265 1769 1018 1489 1643 1154 1692 1838 1469 1979 1264 1008 1570 1376 1992 1833 1679 1193 1501 1961 1220 1963 1411 1378 1527 1269 1609 1100 1670 1436 1565 1918 1870 1941 1794 1514 1014 1926 1276 1306 1660 1595 1853 1448 1170 1183 1151 1980 1212 1391 1821 BCNSPRNW ULIB Ver.6.0+V

เปลี่ยนเป็นภาษาไทย

Change to English
 แสดงรายละเอียดบรรณานุกรม
  กลับหน้าหลัก

Brief Record : Get Marc (ISO 2709) : E-mail record : QR code < ปิดหน้าต่าง
LEADER : 00000nam 2200000uu 4500
001    13399114552
003     ULIB
008    120417s||||||||th 000 0 tha d
020    ^a9780335242238
020    ^a0335242235
060  4 ^aQZ4^bK19n
100 1  ^a Katherine M.A.Roger & William n.Scott
245 00 ^aNurses! Test yourself in pathophysiology/^cKatherine M.A.Roger & William n.Scott
260    ^aEngland:^bMcGraw-Hill,^c2011
300    ^a197 p:^bill,^c21.5cm
650  7 ^aPathophysiology
650  7 ^aPhysiology
700 0  ^aWilliam n.Scott
945    ^p0^l0^i031641
995    ^aKesorn
999    ^aใช้งานได้ทุกระบบ
รายการนี้ยังไม่มีแท็ก
คุณยังไม่ได้ล็อกอิน คุณสามารถมีกิจกรรมร่วมกับเว็บไซต์ได้ แต่ต้องล็อกอินก่อน ::
  ล็อกอิน

รายการสื่อสารสนเทศ

ลำดับที่ ประเภท เลขเรียก/บาร์โค้ด สถานที่ สถานะ
1. วิทยาศาสตร์การแพทย์ และสุขภาพ
วิทยาศาสตร์การแพทย์ และสุขภาพ
QZ4 K19n  
  Barcode: 031641
ห้องสมุดวิทยาเขตนครสวรรค์
►หนังสือทั่วไป:l:General Books
บนชั้น

รายการใกล้เคียง
    ผู้แต่ง [Katherine M.A.Roger & William n.Scott]

    หัวเรื่อง [Pathophysiology]
    หัวเรื่อง [Physiology]

BibComment


ยังไม่เคยถูกคอมเมนท์

คอมเมนท์ทรัพยากรรายการนี้
  คอมเมนท์: Nurses Test your..


 Copyright 2026. Bcnsprnw @Library